000
00290nam a22001097a 4500
999
_c
23152
_d
23152
005
20220308133907.0
008
220308b ||||| |||| 00| 0 eng d
020
_a
9788099924056
040
_c
rda
245
_a
Mali by sme sa všetci stravovať vegánsky?
260
_a
Bratislava
_b
Egreš
_c
2021